[Event "EU-ch Amateur U2000"]
[Site "Zagreb"]
[Date "2022.08.17"]
[Round "5"]
[White "Liovic, Fran"]
[Black "Barlage, Tonio"]
[Result "1-0"]
[WhiteElo "1736"]
[BlackElo "1878"]
[PlyCount "73"]
[EventDate "2022.08.14"]
[EventType "swiss"]
[EventRounds "9"]
[EventCountry "CRO"]
[SourceTitle "CBM 210 Extra"]
[Source "ChessBase"]
[SourceDate "2022.11.30"]
[SourceVersion "1"]
[SourceVersionDate "2022.11.30"]
[SourceQuality "1"]

1. d4 d5 2. c4 dxc4 3. Nf3 Nf6 4. e3 a6 5. Bxc4 e6 6. 0-0 Be7 7. Nc3 0-0 8. e4 b5 9. Bd3 Bb7 10. Qc2 h6 11. Rd1 Nbd7 12. Bf4 Rc8 13. Rac1 c5 14. d5 Nh5 15. Be3 exd5 16. Nxd5 Bxd5 17. exd5 Bd6 18. Qd2 Qf6 19. a4 Ne5 20. Nxe5 Qxe5 21. g3 c4 22. Bf1 Nf6 23. Bg2 Rfd8 24. Bd4 Qf5 25. Qa5 Bc7 26. Qxa6 bxa4 27. Bxf6 Rd6 28. Qxc4 Rxf6 29. d6 Qxf2+ 30. Kh1 Qxb2 31. dxc7 Rf2 32. Rd8+ Kh7 33. Rxc8 Rxg2 34. Rh8+ Kg6 35. Qg4+ Kf6 36. Rf1+ Ke5 37. Qxg7+ 1-0

[Event "EU-ch Amateur U2000"]
[Site "Zagreb"]
[Date "2022.08.16"]
[Round "3"]
[White "Babaja, Mladen"]
[Black "Barlage, Tonio"]
[Result "1/2-1/2"]
[WhiteElo "1795"]
[BlackElo "1878"]
[PlyCount "112"]
[EventDate "2022.08.14"]
[EventType "swiss"]
[EventRounds "9"]
[EventCountry "CRO"]
[SourceTitle "CBM 210 Extra"]
[Source "ChessBase"]
[SourceDate "2022.11.30"]
[SourceVersion "1"]
[SourceVersionDate "2022.11.30"]
[SourceQuality "1"]

1. e4 c6 2. Nf3 d5 3. e5 Bf5 4. d4 e6 5. Bd3 Bxd3 6. Qxd3 Nd7 7. c4 dxc4 8. Qxc4 Ne7 9. Nc3 Nb6 10. Qb3 Ned5 11. Bd2 Be7 12. a3 Qd7 13. Rc1 Nxc3 14. bxc3 0-0 15. 0-0 c5 16. dxc5 Bxc5 17. c4 Rfc8 18. Bb4 Qe7 19. Rfd1 Nd7 20. Rd2 Rc7 21. Rcd1 b6 22. Qa4 Nf8 23. Rd6 Bxd6 24. exd6 Qd7 25. dxc7 Qxa4 26. Rd8 Qe8 27. Rxe8 Rxe8 28. Be7 Rc8 29. Bd6 e5 30. Nxe5 Ne6 31. Nc6 Rxc7 32. Bxc7 Nxc7 33. Nxa7 Kf8 34. Kf1 Ke8 35. Ke2 Kd7 36. Kd3 Ne6 37. Ke4 Nc5+ 38. Kd5 Nd3 39. g3 Nxf2 40. Nc6 Ng4 41. Ne5+ Nxe5 42. Kxe5 Kc6 43. Kd4 f6 44. g4 g6 45. h3 f5 46. gxf5 gxf5 47. h4 f4 48. Ke4 Kc5 49. Kxf4 Kxc4 50. Kg5 Kb3 51. Kh6 Kxa3 52. Kxh7 b5 53. Kg7 b4 54. h5 b3 55. h6 b2 56. h7 b1Q 1/2-1/2

[Event "Dresden ZMD op-B 23rd"]
[Site "Dresden"]
[Date "2014.08.23"]
[Round "9"]
[White "Wong, Gengchun"]
[Black "Barlage, Tonio"]
[Result "1-0"]
[WhiteElo "1758"]
[BlackElo "1961"]
[PlyCount "55"]
[EventDate "2014.08.15"]
[EventType "swiss"]
[EventRounds "9"]
[EventCountry "GER"]
[SourceTitle "EXT 2024"]
[Source "ChessBase"]
[SourceDate "2023.10.10"]
[SourceVersion "1"]
[SourceVersionDate "2023.10.10"]
[SourceQuality "1"]

1. e4 c6 2. d4 d5 3. Nc3 dxe4 4. Nxe4 Bf5 5. Ng3 Bg6 6. Nf3 e6 7. h4 h6 8. Ne5 Bh7 9. Qh5 Qe7 10. c3 Nf6 11. Qf3 Nbd7 12. Bd3 Bxd3 13. Qxd3 g6 14. Bf4 Nd5 15. Bd2 Bg7 16. f4 0-0-0 17. Qe2 Nxe5 18. dxe5 f5 19. 0-0-0 g5 20. fxg5 f4 21. gxh6 Rxh6 22. Nh5 Rdh8 23. Nxf4 Nxf4 24. Bxf4 Rxh4 25. Rxh4 Rxh4 26. Qe3 Qf8 27. g3 Rg4 28. Qxa7 1-0

[Event "Dresden ZMD op-B 23rd"]
[Site "Dresden"]
[Date "2014.08.21"]
[Round "7"]
[White "Weisspflog, Janek"]
[Black "Barlage, Tonio"]
[Result "1/2-1/2"]
[WhiteElo "2044"]
[BlackElo "1961"]
[PlyCount "84"]
[EventDate "2014.08.15"]
[EventType "swiss"]
[EventRounds "9"]
[EventCountry "GER"]
[SourceTitle "EXT 2024"]
[Source "ChessBase"]
[SourceDate "2023.10.10"]
[SourceVersion "1"]
[SourceVersionDate "2023.10.10"]
[SourceQuality "1"]

1. d4 d5 2. Nf3 e6 3. c4 dxc4 4. Nc3 Nf6 5. e3 c5 6. Bxc4 a6 7. a4 cxd4 8. exd4 Be7 9. 0-0 0-0 10. Qe2 Nc6 11. Rd1 Nb4 12. Ne5 Nbd5 13. Bb3 Bd7 14. Bg5 Nxc3 15. bxc3 Nd5 16. Bxd5 Bxg5 17. Bxb7 Ra7 18. Bxa6 Qa5 19. Nxd7 Rxd7 20. Bb5 Rd6 21. Rd3 Bf6 22. Rg3 g6 23. Rf3 Kg7 24. h4 Rd5 25. Bc4 Rdd8 26. Qd2 Rxd4 27. Qe2 Rxh4 28. g3 Rh5 29. Rb1 Qxa4 30. Qe4 Rc8 31. Rb4 Qd1+ 32. Bf1 Re5 33. Qb7 Re1 34. Rxf6 Rxf1+ 35. Kg2 Kxf6 36. Rf4+ Kg5 37. Qxc8 Rg1+ 38. Kh2 Rh1+ 39. Kg2 Rg1+ 40. Kh2 Rh1+ 41. Kg2 Rh5 42. Qc5+ Kh6 1/2-1/2

[Event "Dresden ZMD op-B 23rd"]
[Site "Dresden"]
[Date "2014.08.17"]
[Round "3"]
[White "Barlage, Tonio"]
[Black "Glasewald, Stefan"]
[Result "0-1"]
[WhiteElo "1961"]
[BlackElo "2079"]
[PlyCount "94"]
[EventDate "2014.08.15"]
[EventType "swiss"]
[EventRounds "9"]
[EventCountry "GER"]
[SourceTitle "EXT 2024"]
[Source "ChessBase"]
[SourceDate "2023.10.10"]
[SourceVersion "1"]
[SourceVersionDate "2023.10.10"]
[SourceQuality "1"]

1. Nf3 Nf6 2. g3 g6 3. Bg2 Bg7 4. 0-0 0-0 5. c4 d5 6. cxd5 Nxd5 7. Nc3 c6 8. d4 Nd7 9. e4 Nxc3 10. bxc3 Nb6 11. a4 Be6 12. Nd2 Nc4 13. Qe2 Na5 14. Rd1 Qd7 15. Bb2 Nb3 16. Ra3 Nxd2 17. Rxd2 Rfd8 18. c4 Qc7 19. Ra1 Qa5 20. Bf1 Bxc4 21. Qe3 Bxf1 22. Kxf1 Rd7 23. Bc3 Qa6+ 24. Qe2 Qxe2+ 25. Kxe2 c5 26. Rb1 cxd4 27. f4 Rc8 28. Ba1 e5 29. fxe5 Bxe5 30. Kd3 Rc6 31. Rdb2 Rc3+ 32. Kd2 Ra3 33. Rb5 Bg7 34. a5 Bh6+ 35. Kd1 a6 36. Re5 Kf8 37. Bb2 Rd3+ 38. Ke1 Re7 39. Rxe7 Kxe7 40. Rd1 Rxd1+ 41. Kxd1 d3 42. Bc3 Kd6 43. h4 Kc5 44. g4 Bf4 45. Bf6 Kc4 46. h5 Bc7 47. hxg6 hxg6 0-1

[Event "Dresden ZMD op-B 21st"]
[Site "Dresden"]
[Date "2012.08.26"]
[Round "9"]
[White "Wolf, Andreas"]
[Black "Barlage, Tonio"]
[Result "1/2-1/2"]
[WhiteElo "1950"]
[BlackElo "1885"]
[PlyCount "23"]
[EventDate "2012.08.18"]
[EventType "swiss"]
[EventRounds "9"]
[EventCountry "GER"]
[SourceTitle "CBM 150 Extra"]
[Source "ChessBase"]
[SourceDate "2012.10.19"]
[SourceVersion "1"]
[SourceVersionDate "2012.10.19"]
[SourceQuality "1"]

1. d4 d5 2. Nf3 Nf6 3. c4 dxc4 4. g3 c6 5. Bg2 Bf5 6. 0-0 Nbd7 7. a4 e6 8. Nbd2 Bb4 9. Nxc4 0-0 10. Qb3 Qe7 11. Nfe5 Nxe5 12. Nxe5 1/2-1/2

[Event "Dresden ZMD op-B 21st"]
[Site "Dresden"]
[Date "2012.08.24"]
[Round "7"]
[White "Barlage, Tonio"]
[Black "Niegsch, Nicolas"]
[Result "1/2-1/2"]
[WhiteElo "1885"]
[BlackElo "1856"]
[PlyCount "88"]
[EventDate "2012.08.18"]
[EventType "swiss"]
[EventRounds "9"]
[EventCountry "GER"]
[SourceTitle "CBM 150 Extra"]
[Source "ChessBase"]
[SourceDate "2012.10.19"]
[SourceVersion "1"]
[SourceVersionDate "2012.10.19"]
[SourceQuality "1"]

1. c4 e5 2. g3 Nc6 3. Nc3 g6 4. Bg2 Bg7 5. d3 d6 6. f4 Be6 7. Nf3 Qd7 8. Ng5 exf4 9. Nxe6 fxe6 10. Bxf4 e5 11. Bd2 Nf6 12. 0-0 0-0 13. Rb1 Rab8 14. b4 Ne7 15. Qa4 Qxa4 16. Nxa4 Nf5 17. Nc3 Ng4 18. Bh3 Nge3 19. Rf3 Bh6 20. Ne4 Kg7 21. g4 Nd4 22. Rxe3 Bxe3+ 23. Bxe3 Nxe2+ 24. Kg2 Nf4+ 25. Bxf4 Rxf4 26. Ng5 Re8 27. Kg3 Rd4 28. Bf1 c6 29. b5 h6 30. Nf3 Rf4 31. bxc6 bxc6 32. Rb7+ Rf7 33. Rb2 d5 34. cxd5 cxd5 35. Bg2 e4 36. dxe4 dxe4 37. Ne1 e3 38. Re2 Rd7 39. Kf4 Rd2 40. Bf3 Kf6 41. h4 g5+ 42. hxg5+ hxg5+ 43. Kg3 Re5 44. Nc2 Ke6 1/2-1/2

[Event "GER-ch Seniors"]
[Site "Dresden"]
[Date "2012.08.13"]
[Round "5"]
[White "Barlage, Tonio"]
[Black "Micheel, Peter"]
[Result "1/2-1/2"]
[WhiteElo "1970"]
[BlackElo "1918"]
[PlyCount "96"]
[EventDate "2012.08.09"]
[EventType "swiss"]
[EventRounds "9"]
[EventCountry "GER"]
[SourceTitle "EXT 2014"]
[Source "ChessBase"]
[SourceDate "2013.11.20"]
[SourceVersion "1"]
[SourceVersionDate "2013.11.20"]
[SourceQuality "1"]

1. c4 e5 2. g3 Nc6 3. Nc3 Nf6 4. Bg2 Bc5 5. a3 a6 6. Nf3 d6 7. 0-0 0-0 8. d3 h6 9. h3 Nd4 10. Nd2 c6 11. b4 Ba7 12. Kh2 Bf5 13. a4 Qd7 14. Ba3 Rac8 15. Rb1 Rfd8 16. Nde4 Nxe4 17. dxe4 Bh7 18. e3 Ne6 19. Qe2 b5 20. Rbd1 Qb7 21. Rd2 bxa4 22. Rfd1 Bb8 23. f4 c5 24. b5 Bc7 25. Rb2 Ba5 26. Nd5 Bb4 27. Bxb4 cxb4 28. Rxb4 Rc5 29. b6 Ra5 30. Nc3 a3 31. Rd2 Rd7 32. fxe5 Rxe5 33. Qd1 Qb8 34. Rd5 Nc5 35. Na4 Rxd5 36. exd5 Ne4 37. Bxe4 Bxe4 38. Qa1 a5 39. Rb5 Bc2 40. Qxa3 Qe8 41. Rb2 Bf5 42. Re2 Qe4 43. Qc3 Qf3 44. Qb2 Be4 45. Rg2 Qxg2+ 46. Qxg2 Bxg2 47. Kxg2 Kf8 48. e4 f6 1/2-1/2

[Event "Dresden ZMDI Blitz"]
[Site "Dresden"]
[Date "2011.08.10"]
[Round "5"]
[White "Barlage, Tonio"]
[Black "Muehlbacher, Markus"]
[Result "1/2-1/2"]
[WhiteElo "1987"]
[BlackElo "1790"]
[PlyCount "59"]
[EventDate "2011.08.06"]
[EventType "swiss (blitz)"]
[EventRounds "9"]
[EventCountry "GER"]
[SourceTitle "EXT 2022"]
[Source "ChessBase"]
[SourceDate "2021.10.06"]
[SourceVersion "1"]
[SourceVersionDate "2021.10.06"]
[SourceQuality "1"]

1. c4 b6 2. e4 Bb7 3. Nc3 e6 4. g3 f5 5. Bg2 Nf6 6. f3 fxe4 7. fxe4 Bb4 8. Nge2 0-0 9. 0-0 e5 10. d3 Bxc3 11. bxc3 h6 12. h3 c5 13. Kh2 Nc6 14. Be3 Ne7 15. Qd2 Kh7 16. Bf3 Rg8 17. g4 g5 18. Ng3 Ng6 19. Nf5 Qf8 20. Be2 Nf4 21. Rh1 Kg6 22. Rag1 d6 23. Bd1 Nxe4 24. dxe4 Bxe4 25. Bc2 Bxh1 26. Ne7+ Kf7 27. Qxd6 Qxe7 28. Qxh6 Qf6 29. Qxf6+ Kxf6 30. Kxh1 1/2-1/2

[Event "Dresden ZMDI Blitz"]
[Site "Dresden"]
[Date "2011.08.07"]
[Round "2"]
[White "Altenbernd, Jannis Domenik"]
[Black "Barlage, Tonio"]
[Result "1/2-1/2"]
[WhiteElo "1846"]
[BlackElo "1987"]
[PlyCount "55"]
[EventDate "2011.08.06"]
[EventType "swiss (blitz)"]
[EventRounds "9"]
[EventCountry "GER"]
[SourceTitle "EXT 2022"]
[Source "ChessBase"]
[SourceDate "2021.10.06"]
[SourceVersion "1"]
[SourceVersionDate "2021.10.06"]
[SourceQuality "1"]

1. d4 d5 2. Nf3 Nf6 3. e3 e6 4. Bd3 c5 5. b3 cxd4 6. exd4 Be7 7. Bb2 0-0 8. 0-0 b6 9. Nbd2 Ba6 10. Bxa6 Nxa6 11. Ne5 Rc8 12. c3 b5 13. b4 Nb8 14. a4 a6 15. axb5 axb5 16. Qe2 Nbd7 17. Qxb5 Qc7 18. f4 Rb8 19. Qd3 g6 20. Ra6 Rb6 21. Rfa1 Rfb8 22. g3 Kg7 23. h3 h5 24. R6a2 R8b7 25. Qf3 Rb8 26. Kg2 Rh8 27. Nxd7 Qxd7 28. Nb3 1/2-1/2

[Event "Dresden ZMD op"]
[Site "Dresden"]
[Date "2010.07.16"]
[Round "7"]
[White "Koths, Peter"]
[Black "Barlage, Tonio"]
[Result "1/2-1/2"]
[WhiteElo "1931"]
[BlackElo "2008"]
[PlyCount "123"]
[EventDate "2010.07.10"]
[EventType "swiss"]
[EventRounds "9"]
[EventCountry "GER"]
[SourceTitle "CBM 137 Extra"]
[Source "ChessBase"]
[SourceDate "2010.09.01"]
[SourceVersion "1"]
[SourceVersionDate "2010.09.01"]
[SourceQuality "1"]

1. e4 c6 2. d4 d5 3. exd5 cxd5 4. Bd3 Nc6 5. c3 a6 6. Bf4 Nf6 7. Nf3 e6 8. Nbd2 Nh5 9. Be3 Bd6 10. Ne5 Nf6 11. Ndf3 Qc7 12. Nxc6 bxc6 13. 0-0 Ng4 14. h3 Nxe3 15. fxe3 0-0 16. Qe2 e5 17. dxe5 Bxe5 18. Rae1 Bf6 19. Nd4 Qd6 20. Nf5 Qe5 21. Rf3 g6 22. Nh6+ Kg7 23. Ng4 Bxg4 24. hxg4 a5 25. Ref1 Bd8 26. Rh3 Re8 27. Qf2 Ra7 28. e4 Rb7 29. Kh1 Bg5 30. exd5 Qxd5 31. b3 f6 32. Bc4 Qe4 33. Qf3 Rd7 34. a4 Rd2 35. Qxe4 Rxe4 36. Rd3 Rxg4 37. Re1 Rgxg2 38. Re7+ Kf8 39. Rf7+ Ke8 40. Rxh7 Bf4 41. Bf7+ Kf8 42. Rxd2 Rxd2 43. Bxg6 Be5 44. Rf7+ Kg8 45. Ra7 Bxc3 46. Bf7+ Kf8 47. Bc4 Ke8 48. Rc7 Rd6 49. Kg2 Kd8 50. Rh7 Bb4 51. Kf3 Rd2 52. Ke3 Rd1 53. Ke4 Be7 54. Rh5 c5 55. Rd5+ Rxd5 56. Bxd5 Bd6 57. Kf5 Ke7 58. Bc4 Be5 59. Be6 Kf8 60. Bc4 Kg7 61. Bd5 Kh6 62. Bf3 1/2-1/2

[Event "Dresden ZMD op"]
[Site "Dresden"]
[Date "2008.07.25"]
[Round "7"]
[White "Barlage, Tonio"]
[Black "Rozov, Boris"]
[Result "1-0"]
[WhiteElo "1973"]
[BlackElo "2155"]
[PlyCount "57"]
[EventDate "2008.07.19"]
[EventType "swiss"]
[EventRounds "9"]
[EventCountry "GER"]
[SourceTitle "CBM 125 Extra"]
[Source "ChessBase"]
[SourceDate "2008.09.01"]
[SourceVersion "1"]
[SourceVersionDate "2008.09.01"]
[SourceQuality "1"]

1. c4 e5 2. g3 f5 3. Bg2 Nf6 4. Nc3 g6 5. d3 Bg7 6. Nf3 d6 7. 0-0 0-0 8. h3 c6 9. e4 Kh8 10. Qc2 Be6 11. b4 Nbd7 12. Rb1 fxe4 13. Nxe4 Nxe4 14. dxe4 b5 15. Bg5 Bf6 16. Bh6 Bg7 17. Bxg7+ Kxg7 18. Rfd1 Nb6 19. c5 Nc4 20. cxd6 a5 21. Qc3 axb4 22. Rxb4 Ra3 23. Rb3 Rxa2 24. Nxe5 b4 25. Rxb4 Qf6 26. f4 Ra3 27. Qd4 c5 28. Qxc5 Rxg3 29. Nxc4 1-0

[Event "Dresden ZMD op"]
[Site "Dresden"]
[Date "2007.07.26"]
[Round "6"]
[White "Barlage, Tonio"]
[Black "Schaefer, Erik"]
[Result "0-1"]
[WhiteElo "1983"]
[BlackElo "2124"]
[PlyCount "68"]
[EventDate "2007.07.21"]
[EventType "swiss"]
[EventRounds "9"]
[EventCountry "GER"]
[SourceTitle "EXT 2008"]
[Source "ChessBase"]
[SourceDate "2007.11.25"]
[SourceVersion "1"]
[SourceVersionDate "2007.11.25"]
[SourceQuality "1"]

1. c4 Nf6 2. g3 e5 3. Bg2 d5 4. cxd5 Nxd5 5. Nf3 Nc6 6. 0-0 Be7 7. d4 exd4 8. Nxd4 Nxd4 9. Qxd4 Nf6 10. Qa4+ c6 11. Nc3 0-0 12. Rd1 Qb6 13. Ne4 Bf5 14. Nxf6+ Bxf6 15. e4 Bg4 16. Rd3 Rfd8 17. Be3 Qxb2 18. Rxd8+ Rxd8 19. Rf1 Bd4 20. Qa5 Qb6 21. Qg5 Be6 22. Rd1 f6 23. Qf4 Bxe3 24. Rxd8+ Qxd8 25. fxe3 Bxa2 26. Bf1 Be6 27. g4 a5 28. h3 a4 29. e5 a3 30. exf6 gxf6 31. Qa4 a2 32. Kf2 Qd2+ 33. Kf3 Bd5+ 34. e4 Qc3+ 0-1

[Event "Dresden ZMD op"]
[Site "Dresden"]
[Date "2004.07.16"]
[Round "2"]
[White "Duppel, Tina"]
[Black "Barlage, Tonio"]
[Result "0-1"]
[WhiteElo "2242"]
[BlackElo "1995"]
[PlyCount "46"]
[EventDate "2004.07.15"]
[EventType "tourn"]
[EventRounds "9"]
[EventCountry "GER"]
[SourceTitle "EXT 2006"]
[Source "ChessBase"]
[SourceDate "2005.11.24"]
[SourceVersion "1"]
[SourceVersionDate "2005.11.24"]
[SourceQuality "1"]

1. e4 c6 2. d4 d5 3. e5 Bf5 4. c4 e6 5. Nc3 Ne7 6. a3 dxc4 7. Bxc4 Nd7 8. Nge2 Nb6 9. Bd3 Qc7 10. Ne4 Ned5 11. 0-0 Be7 12. N2g3 Bg6 13. f4 Rd8 14. f5 exf5 15. Nxf5 0-0 16. Qg4 c5 17. Ned6 cxd4 18. Nxe7+ Nxe7 19. Qxd4 Nc6 20. Qc3 Bxd3 21. Qxd3 Nxe5 22. Nb5 Qc5+ 23. Be3 Nxd3 0-1